Who's who: Parliament of India twelfth lok sabha (Record no. 22856)
[ view plain ]
| 000 -LEADER | |
|---|---|
| fixed length control field | 00563nam a2200157Ia 4500 |
| 082 ## - DEWEY DECIMAL CLASSIFICATION NUMBER | |
| Classification number | RR 923.254 WHO- |
| 245 #0 - TITLE STATEMENT | |
| Title | Who's who: Parliament of India twelfth lok sabha |
| 260 ## - PUBLICATION, DISTRIBUTION, ETC. (IMPRINT) | |
| Place of publication | New Delhi |
| Name of publisher | Lok Sabha Secretariat |
| Year of publication | 1999 |
| 300 ## - PHYSICAL DESCRIPTION | |
| Number of Pages | xxi, 1312 |
| 500 ## - GENERAL NOTE | |
| General note | contents: Acc no. 37692 (xvi,1165p.), (1997) - Acc no. D1712 (Parliament of India thirteenth lok sabha), (2000), (xxii, 1333p.) |
| 650 ## - SUBJECT ADDED ENTRY--TOPICAL TERM | |
| Topical Term | Legislators - Biography - India |
| 650 ## - SUBJECT ADDED ENTRY--TOPICAL TERM | |
| Topical Term | Lok sabha legislators |
| 650 ## - SUBJECT ADDED ENTRY--TOPICAL TERM | |
| Topical Term | Legislators - India |
| 650 ## - SUBJECT ADDED ENTRY--TOPICAL TERM | |
| Topical Term | Biography - Directories |
| 942 ## - ADDED ENTRY ELEMENTS (KOHA) | |
| Koha item type | Books |
| Source of classification or shelving scheme | Dewey Decimal Classification |
| Withdrawn status | Lost status | Damaged status | Not for loan | Home library | Current library | Date acquired | Bill Date | Full call number | Accession Number | Price effective from | Koha item type | Collection code |
|---|---|---|---|---|---|---|---|---|---|---|---|---|
| NASSDOC Library | NASSDOC Library | 08/06/2004 | 2008-12-30 | RR 923.254 WHO- | 32799 | 18/04/2019 | Books | |||||
| NASSDOC Library | NASSDOC Library | 08/06/2004 | 2004-10-05 | RR 923.254 WHO- | 37692 | 18/04/2019 | Books | |||||
| NASSDOC Library | NASSDOC Library | 09/09/2016 | 2004-10-22 | RR 923.254 WHO- | D001712 | 18/04/2019 | Books | Docas Books |
